images (140×140)   Dow University of Health Sciences Library Catalogue

Welcome to Dow University of Health Sciences Library Online Public Access Catalog

Anatomy in surgery. (Record no. 20622)

MARC details
000 -LEADER
fixed length control field 00320nam a2200121Ia 4500
008 - FIXED-LENGTH DATA ELEMENTS--GENERAL INFORMATION
fixed length control field 241102s9999||||xx |||||||||||||| ||und||
060 ## - NATIONAL LIBRARY OF MEDICINE CALL NUMBER
Classification number WO 101
Item number .T46 1951
100 ## - MAIN ENTRY--PERSONAL NAME
Personal name Thorek, Philip.
245 #0 - TITLE STATEMENT
Title Anatomy in surgery.
260 ## - PUBLICATION, DISTRIBUTION, ETC.
Place of publication, distribution, etc. Philadelphia,
Name of publisher, distributor, etc. Lippincott
Date of publication, distribution, etc. [c1951]
300 ## - PHYSICAL DESCRIPTION
Extent xxiv, 970 p.
Other physical details ill.
942 ## - ADDED ENTRY ELEMENTS (KOHA)
-- DMC
Koha item type Books

No items available.




©2026, All rights reserved. Dow University of Health Sciences, Karachi, Pakistan.